Topological Spaces/ (Record no. 12062)
[ view plain ]
| 000 -LEADER | |
|---|---|
| fixed length control field | 00847cam a22002891 4500 |
| 001 - CONTROL NUMBER | |
| control field | 7978094 |
| 005 - DATE AND TIME OF LATEST TRANSACTION | |
| control field | 20240818092924.0 |
| 008 - FIXED-LENGTH DATA ELEMENTS--GENERAL INFORMATION | |
| fixed length control field | 750528s1964 xx 000 0 eng |
| 010 ## - | |
| -- | 63023341 |
| 015 ## - | |
| -- | GB64-17939 |
| 035 ## - SYSTEM CONTROL NUMBER | |
| System control number | (OCoLC)1356976 |
| 040 ## - CATALOGING SOURCE | |
| Original cataloging agency | DLC |
| Transcribing agency | GAT |
| Modifying agency | Uk |
| -- | DLC |
| 041 1# - LANGUAGE CODE | |
| Language code of text/sound track or separate title | engger |
| 042 ## - | |
| -- | premarc |
| 050 00 - LIBRARY OF CONGRESS CALL NUMBER | |
| Classification number | QA611 |
| Item number | .K673 1964 |
| 082 ## - DEWEY DECIMAL CLASSIFICATION NUMBER | |
| Classification number | 514 |
| Edition number | 22 |
| Item number | KOW |
| 100 1# - MAIN ENTRY--PERSONAL NAME | |
| Personal name | Kowalsky, Hans Joachim, |
| Dates associated with a name | 1921- |
| 9 (RLIN) | 7047 |
| 245 10 - TITLE STATEMENT | |
| Title | Topological Spaces/ |
| Statement of responsibility, etc | by H. J. Kowalsky. Translated by Jay E. Strum. |
| 260 ## - | |
| -- | New York: |
| -- | Academic Press, |
| -- | 1965 |
| 300 ## - PHYSICAL DESCRIPTION | |
| Extent | 288 p.: |
| Other physical details | ill. ; |
| Dimensions | 24 cm. |
| 336 ## - CONTENT TYPE | |
| Source | rdacontent |
| Content type term | text |
| Content type code | txt |
| 337 ## - MEDIA TYPE | |
| Media type term | unmediated |
| Source | rdamedia |
| Media type code | n |
| 338 ## - CARRIER TYPE | |
| Carrier type term | volume |
| Carrier type code | nc |
| Source | rdacarrier |
| 504 ## - BIBLIOGRAPHY, ETC. NOTE | |
| Bibliography, etc | Bibliography: p. 281-282. |
| 650 #0 - SUBJECT ADDED ENTRY--TOPICAL TERM | |
| Topical term or geographic name as entry element | Topology. |
| 9 (RLIN) | 7048 |
| 942 ## - ADDED ENTRY ELEMENTS (KOHA) | |
| Source of classification or shelving scheme | Dewey Decimal Classification |
| Koha item type | Book - Borrowing |
| Classification part | RDA-MOD |
| Withdrawn status | Lost status | Source of classification or shelving scheme | Damaged status | Not for loan | Collection code | Home library | Current library | Shelving location | Date acquired | Source of acquisition | Cost, normal purchase price | Total Checkouts | Total Renewals | Full call number | Barcode | Date last seen | Date checked out | Price effective from | Koha item type |
|---|---|---|---|---|---|---|---|---|---|---|---|---|---|---|---|---|---|---|---|
| Dewey Decimal Classification | Alef-Baa | Central Library | Central Library | First floor | 28/06/2009 | 150.00 | 1 | 1 | 514 KOW | 000017177 | 15/07/2025 | 01/11/2009 | 28/06/2009 | Book - Borrowing |